00422nam a2200109Ia 4500008004100000050002300041100003500064245008300099260008600182300002800268521001600296140724s9999 xx 000 0 und d aHB 615b.P723 2011 aPlazuela, Cristopher Justin M. aFinal Round Fighting Gear and Equipment shop /cCristopher Justin M. Plazuela. aLas Piñas, Philippines :bSouthville International School and Colleges,cc2011. a27 p. :bill. ;c28 cm. aEntrepeneur